BBC Goal of the Season - Statistics

General Stats
  • This quiz has been taken 68 times
    10 since last reset
  • The average score is 14 of 32
Answer Stats
Season Goal Scorer Match % Correct
2021-22 Mohamed Salah LIVERPOOL vs Manchester City
100%
2019-20 Heung-Min Son TOTTENHAM HOTSPUR vs Burnley
86%
2017-18 Jamie Vardy LEICESTER CITY vs West Bromwich Albion
86%
2002-03 Thierry Henry ARSENAL vs Tottenham Hotspur
86%
2004-05 Wayne Rooney MANCHESTER UNITED vs Middlesborough
86%
2006-07 Wayne Rooney MANCHESTER UNITED vs Bolton Wanderers
86%
2010-11 Wayne Rooney MANCHESTER UNITED vs Manchester City
86%
2012-13 Robin van Persie MANCHESTER UNITED vs Aston Villa
71%
2005-06 Steven Gerrard LIVERPOOL vs West Ham United
71%
1997-98 Dennis Bergkamp ARSENAL vs Leicester City
57%
2001-02 Dennis Bergkamp ARSENAL vs Newcastle United
57%
2011-12 Papiss Cisse NEWCASTLE UNITED vs Chelsea
57%
1998-99 Ryan Giggs MANCHESTER UNITED vs Arsenal
57%
1994-95 Matt Le Tissier SOUTHAMPTON vs Blackburn Rovers
43%
1995-96 Tony Yeboah LEEDS UNITED vs Wimbledon
43%
2023-24 Alejandro Garnacho Everton vs MANCHESTER UNITED
29%
2007-08 Emmanuel Adebayor ARSENAL vs Tottenham Hotspur
29%
2016-17 Emre Can LIVERPOOL vs Watford
29%
2020-21 Erik Lamela TOTTENHAM HOTSPUR vs Arsenal
29%
2013-14 Jack Wilshere ARSENAL vs Norwich City
29%
2014-15 Jack Wilshere ARSENAL vs West Bromwich Albion
29%
1999-00 Paolo Di Canio WEST HAM UNITED vs Wimbledon
29%
1996-97 Trevor Sinclair QPR vs Barnsley
29%
2018-19 Vincent Kompany MANCHESTER CITY vs Leicester City
29%
1992-93 Dalian Atkinson ASTON VILLA vs Wimbledon
14%
2015-16 Dele Alli TOTTENHAM HOTSPUR vs Crystal Palace
14%
2008-09 Glen Johnson PORTSMOUTH vs Hull City
14%
2022-23 Julio Enciso BRIGHTON & HOVE ALBION vs Manchester City
14%
2009-10 Maynor Figueroa WIGAN ATHLETIC vs Stoke City
14%
1993-94 Rod Wallace LEEDS UNITED vs Tottenham Hostpur
14%
2003-04 Dietmar Hamann LIVERPOOL vs Portsmouth
0%
2000-01 Shaun Bartlett CHARLTON ATHLETIC vs Leicester City
0%
No matching quizzes found
Score Distribution
Percent of People with Each Score
Percentile by Number Answered
Your Score History
You have not taken this quiz since the last reset